书目信息 |
| 题名: |
中华美学感悟录
|
|
| 作者: | 邓牛顿 著 | |
| 分册: | ||
| 出版信息: | 北京 社会科学文献出版社 1996 |
|
| 页数: | 255页 | |
| 开本: | 20cm | |
| 丛书名: | 艺术文化丛书 | |
| 单 册: | ||
| 中图分类: | B83-092 | |
| 科图分类: | ||
| 主题词: | 美学史--中国 | |
| 电子资源: | ||
| ISBN: | 7-80050-733-5 | |
| 000 | 00633nam2 2200229 45 | |
| 001 | 0197019728 | |
| 005 | 20050603085125.1 | |
| 010 | @a7-80050-733-5@dCNY15.60 | |
| 100 | @a19970717d1996 mk y0chiy0121 ea | |
| 101 | 0 | @achi |
| 102 | @aCN@b110000 | |
| 105 | @ay z 000yy | |
| 200 | 10 | @a中华美学感悟录@Azhong hua mei xue gan wu lu@f邓牛顿著@FDeng Niu Dun Zhu |
| 210 | @a北京@c社会科学文献出版社@d1996 | |
| 215 | @a255页@d20cm | |
| 225 | 2 | @a艺术文化丛书 |
| 410 | 0 | @120010@a艺术文化丛书 |
| 606 | @a美学史@y中国 | |
| 690 | @aB83-092@v3 | |
| 701 | 0 | @a邓牛顿@4著 |
| 801 | 0 | @aCN@bNLC@c19970806 |
| 905 | @dB83-092@e133@f1@b274663 | |
| 中华美学感悟录/邓牛顿著.-北京:社会科学文献出版社,1996 |
| 255页;20cm.-(艺术文化丛书) |
| ISBN 7-80050-733-5:CNY15.60 |
| ● |
| 相关链接 |
|
|
|
|
正题名:中华美学感悟录
索取号:B83-092/133
 
预约/预借
| 序号 | 登录号 | 条形码 | 馆藏地/架位号 | 状态 | 备注 |
| 1 | 0274663 | 000509952 | 第一样本阅览室/ [索取号:B83-092/133] | 在馆 | |
| 2 | 0274664 | 000509970 | 第一借阅区/ [索取号:B83-092/133] | 在馆 | |
| 3 | 0274665 | 000509961 | 第一借阅区/ [索取号:B83-092/133] | 在馆 |